000 00753nam a2200241 a 4500
999 _c12083
_d12083
001 12083
003 BD-JhCC
005 20220814134022.0
008 200329s20102019b |||| ||a| 000 0 ben d
020 _a98470264503
035 _a(BD-JhCC)12083
040 _aBD-JhCC
_dBD-JhCC
041 _abengali
082 _a923.1
_bMUJ 2019
245 _aচিরঞ্জীব শেখ মুজিব /
_cসম্পাঃ কবীর চৌধরী ।
260 _aঢাকা:
_bজনতা প্রকাশ;
_c২০১৯.
300 _a৩৩৬ পৃ. :
_c২০ সেমি.
600 _aRahaman, shekh Mojibur
650 _aBiography
700 _aচৌধরী,কবীর
942 _2ddc
_cBK
_02